000
00301nam a2200145Ia 4500
100
_a
Theraja/Reema
650
_a
PRODUCTION
942
_c
BK
366
_f
20
245
_a
Programming in C
260
_b
OXFORD PUBL.
_a
New Delhi
_c
2011
082
_a
005.13/THE
300
_a
550
546
_a
ENGLISH
999
_c
21044
_d
21044